000 00547nam a2200169 a 4500
001 000042086
005 20201002035930.0
008 131113s2005 dr a 000 0 spa d
020 _a097719650x
040 _aDO-SdBNP
_bspa
_cBNPHU
082 _axxx
_bxxx
100 1 _aPolanco, Román
_969076
245 1 0 _aSuperaprendizaje :. :
_bpara aprender a estudiar, oir, escuchar y analizar /
_cRomán Polanco.
260 _aNew York, :
_b[s.d.],
_c2005.
300 _a144 p. ;
_c22 cm.
500 _aIncluye datos biografícos del autor en la contraportada.
999 _c41575
_d41575